000 00367cam a2200157ua 4500
041 _aeng
_h
082 _a821
_bREE/ID
100 _aReeves, James .
245 _aIdiom of the people /
_cJames Reeves.
_hTextual Documents
250 _a1 /
_b.
260 _aLondon :
_bHeinemann ,
_c1958.
300 _a244 ; .
504 _a
942 _cBK
999 _c8302
_d8302